000 00914cab a2200277 4500
001 ABS53184
008 090401t1995 xxu||||| |||| 00| 0 eng d
035 _a(Sirsi) u2557
041 _aeng
100 _aAkenhead, R.
245 _aYou have been warned
260 _c1995
350 _a0
490 _aBuilding
_v260(7899) 7 July 1995, 35(1)
520 _aPonders the contractor`s duty to warn the architect of design defects as decisions in English courts recently appear to have established this duty. Also considers when professionals` duty to warn expires.
650 _aARCHITECTS
650 _aDUTY TO WARN
650 _aECKERSLEY AND PARTNERS V BINNEY AND OTHERS
650 _aEDAC V MOSS
650 _aHOBBS (FARMS) V BAXENDEN CHEMICALS
650 _aLIABILITY
650 _aLINDENBERG V CANNING
690 _aBUILT ENVIRONMENT-CONSTRUCTION DESIGN
942 _n0
948 _c04/03/1997
999 _c1539
_d1539